Guess the 5 Seconds of Summer song with no hints #3 5SOS - Statistics

General Stats
  • This quiz has been taken 117 times
  • The average score is 218 of 373
Answer Stats
Answer % Correct
I
100%
to
83%
To
83%
we
83%
We
83%
me
81%
the
80%
when
78%
and
75%
And
75%
go,
75%
go
75%
(Go),
75%
no
74%
do
67%
it
65%
it?
65%
in
64%
back,
63%
back
63%
back?)
63%
back)
63%
Back
63%
(Back
63%
were
62%
Can
60%
(Can
60%
just
60%
not
60%
so
60%
my
59%
for
58%
on
58%
young
58%
too
56%
all
53%
have
53%
what
53%
let
52%
like
52%
days
51%
old
51%
why
51%
Why
51%
it's
49%
miss
48%
our
48%
remember
47%
should
44%
2011?
43%
2011
43%
Cause
43%
get
43%
thing
43%
better
41%
better)
41%
But
40%
now
40%
talk
40%
things?
40%
things
40%
forever
38%
life
38%
nothing
38%
With
38%
could
37%
late
37%
right
37%
complicate
36%
dream
36%
same
36%
there's
36%
used
36%
always
35%
Maybe
35%
stays
35%
fade
33%
(Fade)
33%
felt
33%
lasts
33%
live
33%
about
32%
didn't
32%
doin'
32%
ruin
32%
dreams?
30%
eyes
30%
Only
30%
jaded?
28%
open
28%
that's
28%
wise
28%
before
27%
Before
27%
closely
27%
hearts
27%
past
27%
point
27%
something
27%
future
26%
holdin'
26%
lives
26%
sabotage
26%
guessed
25%
heads
25%
outside
25%
second
25%
asking
23%
nervous
22%
regret
22%
wrecks
20%
fantasized
17%
Wasn't
16%
No matching quizzes found
Score Distribution
Percent of People with Each Score
Percentile by Number Answered
Your Score History
You have not taken this quiz